书目信息 |
| 题名: |
中华经典诗词2000首
|
|
| 作者: | 方笑一 主编 | |
| 分册: | 第六卷 宋 | |
| 出版信息: | 上海 上海教育出版社 2018 |
|
| 页数: | 204页 | |
| 开本: | 23cm | |
| 丛书名: | ||
| 单 册: | ||
| 中图分类: | I207.2 | |
| 科图分类: | ||
| 主题词: | 古典诗歌--鉴赏--中国 | |
| 电子资源: | ||
| ISBN: | 978-7-5444-8155-7 | |
| 000 | 00772nam0 2200229 450 | |
| 001 | 5971 | |
| 005 | 20180530165304.50 | |
| 010 | @a978-7-5444-8155-7@dCNY29.80 | |
| 100 | @a20180412d2018 em y0chiy50 ea | |
| 101 | 0 | @achi |
| 102 | @aCN@b310000 | |
| 105 | @ay z 000yy | |
| 200 | 1 | @a中华经典诗词2000首@9zhong hua jing dian shi ci 2000 shou@h第六卷@i宋@f方笑一主编@g方笑一本卷主编 |
| 210 | @a上海@c上海教育出版社@d2018 | |
| 215 | @a204页@d23cm | |
| 330 | @a本书收录《关雎》《卷耳》《桃夭》《汉广》《鹊巢》《草虫》等先秦诗歌,每首诗后附有注释、现代文翻译、诗解等。 | |
| 517 | 1 | @a宋@Asong |
| 606 | 0 | @a古典诗歌@x鉴赏@y中国 |
| 690 | @aI207.2@v5 | |
| 701 | 0 | @a方笑一@9fang xiao yi@4主编@4本卷主编 |
| 801 | 0 | @aCN@b91MARC@c20180412 |
| 905 | @aMuseLib@dI207.2@e1101:6 | |
| 中华经典诗词2000首.第六卷.宋/方笑一主编/方笑一本卷主编.-上海:上海教育出版社,2018 |
| 204页;23cm |
| ISBN 978-7-5444-8155-7:CNY29.80 |
| 本书收录《关雎》《卷耳》《桃夭》《汉广》《鹊巢》《草虫》等先秦诗歌,每首诗后附有注释、现代文翻译、诗解等。 |
| ● |
| 相关链接 |
|
|
|
|
正题名:中华经典诗词2000首
索取号:I207.2/1101:6
 
预约/预借
| 序号 | 登录号 | 条形码 | 馆藏地/架位号 | 状态 | 备注 |
| 1 | 1115631 | 211156318 | 第一样本阅览室/ [索取号:I207.2/1101:6] | 在馆 | |
| 2 | 1115632 | 211156327 | 教育系资料室/ [索取号:I207.2/1101:6] | 在馆 |